| 000 | 00647nam a22001697a 4500 | ||
|---|---|---|---|
| 005 | 20250220093143.0 | ||
| 008 | 250220b |||||||| |||| 00| 0 eng d | ||
| 082 |
_22024 _aUT |
||
| 100 |
_aBrigole, Abigael C. _965646 |
||
| 245 |
_aFinancial literacy and retirement planning among provincial employees of Davao Del Sur / _cAbigael C. Brigole, Jergen B. Entice, and Cara C. Monil |
||
| 260 |
_aDigos City : _bUMDC, _c©December 2024. |
||
| 300 |
_aviii, 38 pages : _billustration (some colors) ; _c29 cm. |
||
| 500 | _aIncludes references and appendices. | ||
| 700 |
_aEntice, Jergen B. _965647 |
||
| 700 |
_aMonil, Cara C. _965648 |
||
| 942 |
_2ddc _cUT |
||
| 999 |
_c23552 _d23552 |
||